|
|
|
|
| LEADER |
00000cam a2200000 7i4500 |
| 001 |
0000031546 |
| 002 |
000034049 |
| 005 |
20000330.0 |
| 020 |
|
|
|a 0534919839
|
| 090 |
0 |
0 |
|a 658.45
|b HIM
|
| 100 |
1 |
|
|a Himstreet, William C
|
| 245 |
1 |
0 |
|a Business communications :
|b principles and methods
|c William C.Himstreet and Wayne murlin Baty
|
| 250 |
|
|
|a 9th ed
|
| 260 |
|
|
|a Boston :
|b PWS-Kent Publishing Co. ,
|c 1990
|
| 300 |
|
|
|a 768p. ;
|c 24cm.
|
| 650 |
0 |
0 |
|a Business communication
|
| 650 |
0 |
0 |
|a Business report writing
|
| 650 |
0 |
0 |
|a Commercial correspondence
|
| 700 |
1 |
|
|a baty, Wayne Murlin
|
| 999 |
|
|
|a 017360
|b BUKU
|c PINJAMAN
|e PERPUSTAKAAN KOMUNITI PETALING JAYA
|